Gemeinden die an Wien grenzen - Statistiken

Allgemein
  • Dieses Quiz wurde 57 mal gespielt
    48 seit der letzten Aktualisierung
  • Das Durchschnittsergebnis liegt bei 12 aus 22
Antworten auf der Karte
Die Antworten werden auf der Karte rot bzw. grün angezeigt, abhängig davon wie oft sie richtig erraten wurden.
 
Antwortstatistiken
Einwohner Bezirk Gemeinde % Korrekt
27.368 Tulln Klosterneuburg
89%
18.564 Bruck an der Leitha Schwechat
89%
9.713 St. Pölten-Land Purkersdorf
81%
11.427 Gänserndorf Groß-Enzersdorf
76%
7.205 Mödling Vösendorf
76%
15.022 Mödling Perchtoldsdorf
73%
11.924 Mödling Brunn am Gebirge
62%
8.792 Gänserndorf Deutsch-Wagram
59%
11.294 Korneuburg Gerasdorf bei Wien
54%
8.106 Korneuburg Langenzersdorf
51%
5.025 St. Pölten-Land Gablitz
49%
5.646 Bruck an der Leitha Fischamend
43%
5.135 Bruck an der Leitha Leopoldsdorf
43%
205 Gänserndorf Aderklaa
41%
1.532 Mödling Hennersdorf
41%
3.663 St. Pölten-Land Mauerbach
41%
5.873 Mödling Breitenfurt bei Wien
38%
2.220 Korneuburg Hagenbrunn
38%
3.304 Mödling Kaltenleutgeben
38%
537 Gänserndorf Raasdorf
35%
1.124 Mödling Laab im Walde
32%
1.915 Bruck an der Leitha Lanzendorf
22%
Keine übereinstimmenden Quizze gefunden
Verteilung der Resultate
Anzahl Personen mit jedem Resultat
Perzentil nach korrekt beantworteten Fragen
Ihre Resultats-Entwicklung
Sie haben dieses Quiz seit der letzten Aktualisierung nicht gespielt